1179 1765 1420 1572 1185 1209 1766 1658 1311 1893 1456 1849 1265 1856 1127 1793 1856 1675 1305 1598 1140 1318 1282 1234 1276 1756 1799 1389 1414 1590 1397 1848 1941 1527 1769 1736 1932 1815 1029 1807 1175 1037 1167 1037 1672 1122 1009 1321 1492 1195 1974 1169 1985 1118 1033 1319 1488 1182 1785 1236 1847 1526 1328 1807 1696 1082 1934 1575 1236 1932 1619 1478 1609 1763 1880 1850 1358 1583 1222 1508 1391 1588 1842 1242 1855 1347 1425 1581 1484 1427 1344 1090 1653 1389 1061 1794 1487 1776 1543 BCNSPRNW ULIB Ver.6.0+V

เปลี่ยนเป็นภาษาไทย

Change to English
 แสดงรายละเอียดบรรณานุกรม
  กลับหน้าหลัก

Brief Record : Get Marc (ISO 2709) : E-mail record : QR code < ปิดหน้าต่าง
LEADER : 00000nam 2200000uu 4500
001    13399113390
003     ULIB
008    111110s2553||||th 000 0 tha d
020    9786165290319
060  4 QZ275^bพ465ค
100 0  พวงทอง ไทรพิบูลย์
245 00 คู่มือดูแลเด็กโรคมะเร็ง/^cพวงทอง ไกรพิบูลย์
260    กรุงเทพฯ:^bอัมรินทร์สุขภาพ,^c2553
300    141 หน้า
650  7 ดูแลเด็กโรคมะเร็ง
650  7 มะเร็ง
945    ^p135^l0^i17098
945    ^p135^l0^i17097
995    กัณชพร
999    ^aใช้งานได้ทุกระบบ
รายการนี้ยังไม่มีแท็ก
คุณยังไม่ได้ล็อกอิน คุณสามารถมีกิจกรรมร่วมกับเว็บไซต์ได้ แต่ต้องล็อกอินก่อน ::
  ล็อกอิน

รายการสื่อสารสนเทศ

ลำดับที่ ประเภท เลขเรียก/บาร์โค้ด สถานที่ สถานะ
- ไม่พบข้อมูล -

รายการใกล้เคียง
    ผู้แต่ง [พวงทอง ไทรพิบูลย์]

    หัวเรื่อง [ดูแลเด็กโรคมะเร็ง]
    หัวเรื่อง [มะเร็ง]

BibComment


ยังไม่เคยถูกคอมเมนท์

คอมเมนท์ทรัพยากรรายการนี้
  คอมเมนท์: คู่มือดูแลเด็กโรค..


 Copyright 2026. Bcnsprnw @Library